España y América al encuentro (Registro nro. 1741)
[ vista simple ]
| 000 -CABECERA | |
|---|---|
| Longitud fija campo de control | 01023nam a22002535b 4500 |
| 001 - NÚMERO DE CONTROL | |
| Número de control | bimo0000274660 |
| 003 - IDENTIFICADOR DELl NÚMERO DE CONTROL | |
| Identificador del número de control | OSt |
| 005 - FECHA Y HORA DE LA ÚLTIMA TRANSACCIÓN | |
| Fecha y hora de la última transacción | 20140821213004.0 |
| 008 - CÓDIGOS DE INFORMACIÓN DE LONGITUD FIJA | |
| Códigos de información de longitud fija | 921216s1992 sp | |||| ||spa |
| 020 ## - NÚMERO INTERNACIONAL NORMALIZADO PARA LIBROS | |
| Número Internacional Normalizado para Libros (ISBN) | 84-7914-072-0 |
| 040 ## - FUENTE DE LA CATALOGACIÓN | |
| Centro catalogador de origen | SpMaBN |
| Lengua de catalogación | spa |
| Centro transcriptor | BMC |
| Normas de descripción | rdc |
| 082 ## - NÚMERO DE LA CLASIFICACIÓN DECIMAL DEWEY | |
| Númeroo de clasificación | 980.013 |
| 245 00 - MENCIÓN DE TÍTULO | |
| Título | España y América al encuentro |
| Resto del título | : textos y documentos desde los cronistas de Indias a los escritores contemporáneos (1492-1992) |
| Mención de responsabilidad, etc. | edición preparada por Mª Enriqueta Soriano P.-Villamil, Pilar Maicas García-Asenjo y Mercedes Gómez del Manzano |
| 260 0# - PUBLICACIÓN, DISTRIBUCIÓN, ETC. (PIE DE IMPRENTA) | |
| Lugar de publicación, distribución, etc. | Madrid |
| Nombre del editor, distribuidor, etc. | Biblioteca de Autores Cristianos |
| Fecha de publicación, distribución, etc. | 1992 |
| 300 ## - DESCRIPCIÓN FÍSICA | |
| Extensión | XVI, 430 p. |
| Otras características físicas | il. |
| Dimensiones | 20 cm |
| 490 ## - MENCIÓN DE SERIE | |
| Mención de serie | B.A.C. |
| Designación de volumen o secuencia | 522 |
| 504 ## - NOTA DE BIBLIOGRAFÍA, ETC | |
| Nota de bibliografía, etc. | Incluye referencias bibliográficas p. 393-416 |
| 651 04 - PUNTO DE ACCESO ADICIONAL DE MATERIA - NOMBRE GEOGRÁFICO | |
| Nombre geográfico | América española |
| Subdivisión de materia general | Descripción |
| 9 (RLIN) | 2870 |
| 651 04 - PUNTO DE ACCESO ADICIONAL DE MATERIA - NOMBRE GEOGRÁFICO | |
| 9 (RLIN) | 1308 |
| Nombre geográfico | América española |
| Subdivisión de materia general | Historia |
| 700 1# - PUNTO DE ACCESO ADICIONAL - NOMBRE DE PERSONA | |
| Nombre de persona | Gómez del Manzano, Mercedes |
| 9 (RLIN) | 2871 |
| 700 1# - PUNTO DE ACCESO ADICIONAL - NOMBRE DE PERSONA | |
| 9 (RLIN) | 2558 |
| Nombre de persona | Soriano Pérez-Villamil, María Enriqueta |
| 700 1# - PUNTO DE ACCESO ADICIONAL - NOMBRE DE PERSONA | |
| 9 (RLIN) | 2559 |
| Nombre de persona | Maicas García-Asenjo, Pilar |
| 942 ## - ENTRADA DE ELEMENTOS AGREGADOS (KOHA) | |
| Fuente de clasificaión o esquema | Dewey Decimal Classification |
| Koha [por defecto] tipo de item | 1- Monografias |
| Suprimido | Perdido | Fuente de clasificación o esquema | Estropeado | Restricciones de uso | No para préstamo | Código de colección | Localización permanente | Localización actual | Localización en estanter&íacute;as | Fecha adquisición | Fuente de adquisición | Número de inventario | Préstamos totales | Renovaciones totales | Signatura completa | Código de barras | Fecha última consulta | Fecha último préstamo | Coste, precio reemplazado | Fecha del precio de reemplazo | Tipo de item de Koha |
|---|---|---|---|---|---|---|---|---|---|---|---|---|---|---|---|---|---|---|---|---|---|
| NULL | NULL | Dewey Decimal Classification | NULL | Prestable | NULL | NULL | Biblioteca Miguel de Cervantes - UNICAES | Biblioteca Miguel de Cervantes - UNICAES | Sala Principal | 27/07/2013 | Donación - Conferencia Episcopal Española | 002089 | 4 | 1 | 980.013 ESP | 1002089 | 10/06/2019 | 28/05/2019 | 17.73 | 27/07/2013 | 1- Monografias |